| 000 | 00646nam a2200181Ia 4500 | ||
|---|---|---|---|
| 008 | 151202s9999||||xx |||||||||||||| ||und|| | ||
| 082 | _bPNVM-46057 | ||
| 100 | _aफडके कमलिनी. | ||
| 245 | _aअथ स्त्री पुराणम्. | ||
| 260 | _b"प्रबोाीनी पुस्तक एजन्सीज , पुणे." | ||
| 260 | _c2004 | ||
| 300 | _a170 | ||
| 600 | _aफडके कमलिनी. | ||
| 630 | _aअथ स्त्री पुराणम्. | ||
| 700 | _aफडके कमलिनी. | ||
| 730 | _aअथ स्त्री पुराणम्. | ||
| 942 | _cBOOK | ||
| 999 |
_c1312007 _d1312004 |
||